000 00720nam a22002057a 4500
003 OSt
005 20251120143043.0
008 251120b |||||||| |||| 00| 0 eng d
020 _a0-02-865831-0.
040 _aDWCL-Main lib
_cOC
082 _aGr. 503 En56 2005
100 _aMitcham, Carl
245 _aEncyclopedia of science, technology and ethics
_cMitcham, Carl
260 _aFarmington Hills, Mi. :
_bThomson Gale,
_cc2005.
300 _a4v (cxiv, 1672 pages) :
_billustration ;
_c29 cm.
504 _aIncludes bibliographical references and index.
650 _21. Technology-Moral and ethical aspects-Encyclopedias.
650 _22. Science-Moral and ethical aspects-Encyclopedias.
942 _2ddc
_cGR
_kGr.
_n0
999 _c5895
_d5895